000 00582nam a2200181 i 4500
001 86642
003 ES-MaACL
005 20230906175508.0
007 t|
008 041214s1972 sp ||||1| spa d
100 1 _aKleiber, Max.
_968201
245 1 0 _aBioenergética animal /
_cpor Max Kleiber ; versión Enrique Sánchez-Vizcaino y Norberto Smilg Manasse.
260 _aZaragoza :
_bAcribia,
_c[1972]
300 _aXXIII, 428 p. ;
_c25 cm.
700 1 _aSánchez-Vizcaino, Enrique.
_9102989
700 1 _aSmilg Manasse, Norberto.
_9106834
852 _aES-MaACL
_jC-48741
_bR.84436
999 _c86642
_d86642